Economía política / (Record no. 144430)

MARC details
000 -LEADER
campo de control de longitud fija 00733nam a2200205 i 4500
001 - NÚMERO DE CONTROL
campo de control 144430
003 - IDENTIFICADOR DE NÚMERO DE CONTROL
campo de control ES-MaACL
005 - FECHA Y HORA DE LA ÚLTIMA TRANSACCIÓN
campo de control 20250721062630.0
007 - CAMPO FIJO DE DESCRIPCIÓN FÍSICA--INFORMACIÓN GENERAL
campo de control de longitud fija t|
008 - DATOS DE LONGITUD FIJA--INFORMACIÓN GENERAL
campo de control de longitud fija 070214s1969 sp r ||||1| spa d
100 1# - ENTRADA PRINCIPAL--NOMBRE DE PERSONA
Nombre de persona Sismondi, J. C. L. Simonde de.
9 (RLIN) 106693
245 10 - MENCIÓN DEL TÍTULO
Título Economía política /
Mención de responsabilidad, etc. J.C.L. Simonde de Sismondi ; prólogo de Valentín Andrés Álvarez ; versión española de Mercedes Paredes Larrucea.
260 ## - PUBLICACIÓN, DISTRIBUCIÓN, ETC.
Lugar de publicación, distribución, etc. Madrid :
Nombre del editor, distribuidor, etc. Alianza Editorial,
Fecha de publicación, distribución, etc. 1969.
300 ## - DESCRIPCIÓN FÍSICA
Extensión XXIII, 248 p. ;
Dimensiones 19 cm.
650 17 - PUNTO DE ACCESO ADICIONAL DE MATERIA--TÉRMINO DE MATERIA
Término de materia o nombre geográfico como elemento de entrada Economía
Fuente del encabezamiento o término embne
9 (RLIN) 12006
700 1# - ENTRADA AGREGADA--NOMBRE PERSONAL
Nombre de persona Andrés Álvarez, Valentín,
Fechas asociadas al nombre 1891-1982
9 (RLIN) 174884
700 1# - ENTRADA AGREGADA--NOMBRE PERSONAL
Nombre de persona Paredes Larrucea, Mercedes.
9 (RLIN) 89049
852 4# - LOCALIZACIÓN
Ubicación ES-MaACL
Número de control de estantería C-39928
Holdings
Estatus retirado Estado de pérdida Estado de daño No para préstamo Biblioteca de origen Biblioteca actual Ubicación en estantería Fecha de adquisición Fuente de adquisición Total de préstamos Signatura topográfica completa Código de barras Visto por última vez Precio de reemplazo Tipo de ítem Koha
        Biblioteca del Ateneo de Madrid Biblioteca del Ateneo de Madrid Depósito 2 17/01/2008     C-39928 1150270 23/02/2023 23/02/2023 Libro impreso